| 000 | 00650nam a22002057a 4500 | ||
|---|---|---|---|
| 999 |
_c171999 _d171999 |
||
| 005 | 20200124125117.0 | ||
| 010 | _aB-731161 | ||
| 020 |
_a9789384401696 _c160.00 |
||
| 035 | _aB-731161 | ||
| 037 |
_aDPL _bPigeon |
||
| 082 | _a921 | ||
| 245 |
_aA.P.J. Abdul Kalam: a biography / _bedited by Kaushal K. Goyal |
||
| 260 |
_aNew Delhi _bPigeon Books India _c2018 |
||
| 270 |
_a16, Ansari Road,Daryaganj, _bNew Delhi _e110002 |
||
| 300 |
_a163p. _b21cm(pbk) |
||
| 490 | _aPigeon Biography Series | ||
| 700 | _aGoyal, Kaushal K. | ||
| 942 |
_2ddc _cCH _h921 _mAPJ |
||